Normal view
MARC view
- Sherjeel Ashraf (Syn 4)
Entry Personal Name
001 - CONTROL NUMBER
- control field: 47745
003 - CONTROL NUMBER IDENTIFIER
- control field: NUST
005 - DATE AND TIME OF LATEST TRANSACTION
- control field: 20210314133909.0
008 - FIXED-LENGTH DATA ELEMENTS
- fixed length control field: 210314|| aca||aabn | a|a d
040 ## - CATALOGING SOURCE
- Original cataloging agency: NUST
- Transcribing agency: NUST
100 ## - HEADING--PERSONAL NAME
- Personal name: Sherjeel Ashraf (Syn 4)
670 ## - SOURCE DATA FOUND
- Source citation: Work cat.: (NUST): Sherjeel Ashraf (Syn 4), Computer aided design of reinforced concrete beams (Syn 4)
